Marvel au Cinéma - Statistiques

Statistiques générales
  • Ce quiz a été pris 296 fois
  • Le résultat moyen est 13 sur 16
Statistiques - réponses
Par images Réponse % Correct
Hulk
98%
Thor
98%
Deadpool
97%
Spider Man
96%
X Men
94%
Les 4 fantastiques
93%
Les Gardiens de la Galaxie
93%
Daredevil
81%
Les Eternels
79%
Thunderbolts*
78%
Shang-Chi et la légende des anneaux
73%
Ghost Rider
71%
Blade
68%
Les Nouveaux Héros
65%
Morbius
65%
Howard... une nouvelle race de héros
35%
Aucun quiz correspondant
Distribution des résultats
% des personnes avec chaque résultat
Percentile par nombre de réponses
Votre historique - résultats
Vous n’avez pas pris ce quiz